000 00356nam a2200133Ia 4500
008 150201s2010 xx 000 0 und d
082 _a612.015
_bB10D
100 _aDEVLIN,THOMAS M
245 _aTB OF BIOCHEMISTRY WITH CLINICAL CORRELATION
250 _a7TH
260 _bJOHNWILEY&SONS
_aPHILADELPHIA
_c2010
650 _aBIOCHEMISTRY
942 _2ddc
_cBK
_01
999 _c1096
_d1096